Loading...
Science - Other Science | 1 | 4 | 0 | 1 | 55 | 41 | 94.00 | 2 | 4 |
Science - Physics | 1 | 3 | 0 | 0 | 45 | 54 | 64.75 | 2 | 4 |
Social Science | 2 | 1 | 0 | 1 | 40 | 25 | 69.67 | 2 | 3 |
Science - Chemistry | 1 | 2 | 2 | 0 | 25 | 45 | 80.67 | 2 | 3 |
History - American History | 1 | 1 | 0 | 0 | 25 | 72 | 74.00 | 1 | 2 |
Literature - American Literature | 1 | 1 | 0 | 0 | 25 | 76 | 97.00 | 1 | 2 |
Fine Arts - Other Fine Arts | 0 | 2 | 0 | 1 | 20 | 131 | 135.50 | 1 | 2 |
Religion | 0 | 2 | 0 | 1 | 20 | 109 | 120.00 | 1 | 1 |
Philosophy | 0 | 2 | 1 | 0 | 15 | 76 | 99.00 | 0 | 2 |
History - Other History | 1 | 0 | 0 | 0 | 15 | 43 | 43.00 | 1 | 1 |
Pop Culture | 1 | 0 | 0 | 0 | 15 | 21 | 21.00 | 1 | 1 |
Fine Arts - Auditory Fine Arts | 1 | 0 | 1 | 0 | 10 | 26 | 26.00 | 1 | 1 |
History - European History | 0 | 1 | 0 | 0 | 10 | 89 | 89.00 | 1 | 1 |
Literature - European Literature | 0 | 1 | 1 | 0 | 5 | 136 | 136.00 | 0 | 1 |
Science - Biology | 0 | 1 | 2 | 0 | 0 | 83 | 83.00 | 0 | 0 |
Literature - British Literature | 0 | 0 | 2 | 0 | -10 | 0.00 | 0 | 0 |